[Event "ICS rated blitz match"]
[Site "207.99.5.190"]
[Date "1999.03.06"]
[Round "?"]
[White "Poderoso"]
[Black "Hossa"]
[Result "0-1"]
[WhiteElo "2475"]
[BlackElo "2357"]
[PlyCount "234"]

1. e4 e5 2. Bc4 Nc6 3. Nf3 Nf6 4. d4 exd4 5. O-O Bc5 6. e5 Ng4 7. Bf4 O-O 8. h3
Nh6 9. Bg5 Be7 10. Bxh6 gxh6 11. Bb5 f6 12. e6 Bc5 13. exd7 Qxd7 14. Nbd2 Qg7
15. Kh1 Ne5 16. Ne4 Nxf3 17. Bc4+ Kh8 18. Nxc5 Nh4 19. Rg1 Rd8 20. Be6 b6 21.
Bxc8 bxc5 22. Bg4 Rab8 23. Rb1 Qf7 24. a3 Rg8 25. Qf1 Qg6 26. Be6 Rg7 27. Qd3
Rd8 28. Rbe1 Re8 29. Bd5 Rb8 30. Qc4 Qf5 31. Qxc5 Rd8 32. Qxd4 Nf3 33. Qe4 Qxe4
34. Bxe4 Nxe1 35. Rxe1 Rd2 36. Kg1 Re7 37. Re3 h5 38. b3 h4 39. c3 a5 40. c4
Rb2 41. c5 Re5 42. f4 Rxc5 43. Kh2 Rf2 44. Rd3 Rxf4 45. Rd8+ Kg7 46. Rd7+ Kf8
47. Bxh7 Rc3 48. Rd8+ Ke7 49. Ra8 Rxb3 50. Rxa5 Rg3 51. a4 Kd6 52. Ra8 c6 53.
Kg1 Ra3 54. Rd8+ Ke7 55. Rd1 Raxa4 56. Kh2 Ra5 57. Rc1 Kd6 58. Bg8 Rg5 59. Rd1+
Ke5 60. Bf7 Rf2 61. Re1+ Kd4 62. Rd1+ Kc3 63. Rc1+ Kd3 64. Bc4+ Kd4 65. Bf1 Kd5
66. Rd1+ Ke5 67. Kg1 Rb2 68. Re1+ Kd5 69. Be2 c5 70. Bf3+ Kd6 71. Kh2 Rg3 72.
Rd1+ Ke5 73. Bc6 Ke6 74. Bd5+ Ke7 75. Re1+ Kd6 76. Rd1 Rf2 77. Ba8+ Ke6 78. Rc1
Ra2 79. Bb7 Rb2 80. Re1+ Kd6 81. Rd1+ Kc7 82. Bd5 Rb4 83. Re1 Kd6 84. Bf3 Rf4
85. Rd1+ Rd4 86. Rf1 Ke5 87. Re1+ Kf4 88. Re6 f5 89. Rc6 Rxf3 90. gxf3 Rd2+ 91.
Kg1 Kg3 92. Kf1 Kxf3 93. Ke1 Re2+ 94. Kd1 Re5 95. Rg6 c4 96. Kd2 Re3 97. Rc6
c3+ 98. Kc2 Kg3 99. Rg6+ Kxh3 100. Rf6 Rf3 101. Rf7 Kg2 102. Rg7+ Kf2 103. Rh7
h3 104. Rh5 Kg2 105. Rg5+ Rg3 106. Rxf5 h2 107. Rh5 h1=Q 108. Rxh1 Kxh1 109.
Kb3 Kg2 110. Kc2 Kf2 111. Kb3 Ke2 112. Kc2 Rd3 113. Kc1 Rd2 114. Kb1 Kd3 115.
Ka1 Rd1+ 116. Ka2 Kc4 117. Ka3 117... Ra1# {Poderoso checkmated} 0-1

[Event "ICC 3 0"]
[Site "Internet Chess Club"]
[Date "1999.03.06"]
[Round "?"]
[White "Hossa"]
[Black "Poderoso"]
[Result "0-1"]
[WhiteElo "2365"]
[BlackElo "2467"]
[Annotator "Fritz 5.32 (15s)"]
[PlyCount "132"]

1. e4 d6 2. Bb5+ 2... Bd7 $146 (2... c6 3. Bd3 g6 4. Nc3 Bg7 5. Nf3 Nf6 6. O-O
O-O 7. Re1 Nbd7 8. Bc4 a6 9. d4 Qc7 10. Bg5 Re8 11. e5 dxe5 12. Nxe5 Nxe5 13.
dxe5 Ng4 14. Bf4 Bxe5 15. Bxe5 Nxe5 16. Bb3 Ng4 17. g3 {
COMP CDC6600-NN/London Islington SN7 1971/0-1 (28)}) 3. Nc3 Nf6 (3... Bxb5 4.
Nxb5 c6 5. Nc3 $11) 4. Bxd7+ Qxd7 5. Nh3 (5. d4 5... c6 $11) 5... e5 6. f4 Nc6
7. O-O (7. d3 7... d5 $11) 7... O-O-O (7... d5 8. exd5 Nxd5 9. fxe5 Bc5+ 10.
Kh1 $14) 8. d3 Be7 9. Ng5 Rhf8 10. Nd5 Nxd5 11. exd5 Nb4 12. fxe5 dxe5 13. Nxh7
Rh8 14. Ng5 14... Bxg5 $14 (14... Qxd5 $5 $142 {ist vielleicht staerker} 15. a3
15... Nc6 $15) 15. Bxg5 f6 16. Bd2 $15 (16. Be3 16... Qd6 $11) 16... Nxd5 17.
Rc1 Qb5 18. Qg4+ Rd7 19. b4 Qb6+ 20. Kh1 Ne3 21. Bxe3 Qxe3 22. Rce1 22... Qh6 {
Droht Matt: Qxh2} 23. h3 Rhd8 24. a3 Qd2 25. Qc4 Kb8 26. Kg1 Rd6 27. Qc5 Rc6
28. Qe7 {Es droht Matt} 28... Kc8 29. Qxg7 Rxc2 30. Rd1 Qe2 31. Qg3 $15 (31.
Rde1 Qxd3 32. Rxf6 Qd4+ 33. Kh2 33... Qb2 $14) 31... Qh5 32. Rde1 Qh6 33. Re3
Kb8 34. Ref3 Rc6 35. a4 Rb6 36. a5 {Raumgewinn} 36... Re6 37. b5 a6 38. Qg4
Red6 39. bxa6 Rxa6 40. Qb4 Rd4 41. Qb5 $11 (41. Qe7 41... Rdd6 $14) 41... Rc6
$4 $18 {wirft den Vorteil weg} (41... c6 $142 {sieht noch spielbar aus} 42. Qc5
42... Rd5 $14) 42. Kh2 $16 (42. Rb1 Rc1+ 43. Rf1 Rxf1+ 44. Kxf1 Kc8 45. Qxb7+
Kd7 46. Qb5+ 46... Kd6 $14) 42... Rdd6 43. Rb1 {Es droht Matt} 43... b6 44.
axb6 {Droht Matt} 44... cxb6 45. Rb4 $14 (45. Ra1 $5 $16) 45... Rc2 $16 (45...
Qh7 $5 $14 {kommt in Betracht}) 46. Qe8+ (46. Rf2 $1 46... Rcc6 47. Ra2 $18)
46... Rc8 47. Qe7 $14 (47. Qa4 47... Kb7 $16) 47... Qf8 48. Qh7 Rdc6 49. Rg4
$14 (49. Ra4 R8c7 50. Qe4 50... Qe7 $16) 49... Qd6 50. Rg7 (50. Ra4 R6c7 51.
Qe4 51... Rb7 $14) 50... R8c7 {Schwarz erhaelt starke Initiative} 51. Rxc7 Qxc7
52. Qxc7+ $15 (52. Qg8+ $5 $142 {bedarf naeherer Analyse} 52... Qc8 53. Qf7 $14
) 52... Kxc7 53. Kg3 $15 (53. h4 53... Kd7 $11) 53... b5 54. Kg4 b4 55. Kh5 $17
{Weiss aktiviert den Koenig} (55. Rf2 $5 $15 {muss erwogen werden}) 55... b3
56. Re3 $4 $19 {vergroessert seine Probleme} (56. Rf1 $17 $142) 56... b2 57.
Re4 (57. Re1 {aendert nichts mehr} 57... Rc1 58. Re3 58... b1=Q $19) 57... b1=Q
58. Rg4 58... Qxd3 {Mit der Mattdrohung Qh7} 59. Rg6 Qxg6+ (59... Kd7 60. Kh6
Ke6 61. Rg7 Rc8 62. Re7+ Kxe7 63. Kg7 Qg3+ 64. Kh7 Kf7 65. Kh6 Qh4#) 60. Kxg6
60... e4 {Schwarz zwingt den Gegner mit starken Drohungen nieder} 61. Kf5 e3
62. Ke4 62... e2 {Droht Matt: e1Q} 63. g3 (63. Kf5 {
waere gleichermassen fruchtlos} 63... e1=Q 64. Kg6 Qg3+ 65. Kf7 f5 66. h4 Qg6+
67. Kf8 Rf6+ 68. Ke7 Qf7#) 63... e1=Q+ 64. Kf3 (64. Kf4 {
hilft allerdings auch nicht} 64... Qd2+ 65. Ke4 Qe2+ 66. Kf5 Qd3+ 67. Kg4 Rc4+
68. Kh5 Qh7#) 64... Rc3+ 65. Kg2 (65. Kg4 {
aendert den traurigen Lauf der Dinge nicht} 65... Qe5 66. h4 Rxg3#) 65... Rxg3+
66. Kh2 Qg1# 0-1

[Event "ICS rated blitz match"]
[Site "207.99.5.190"]
[Date "1999.03.06"]
[Round "?"]
[White "Hossa"]
[Black "nimraz"]
[Result "1/2-1/2"]
[WhiteElo "2374"]
[BlackElo "2201"]
[PlyCount "75"]

1. e4 c5 2. Bc4 Nc6 3. Nf3 g6 4. O-O Bg7 5. d3 Nf6 6. Be3 d6 7. e5 Ng4 8. exd6
Nxe3 9. fxe3 O-O 10. dxe7 Qxe7 11. Qc1 Bg4 12. e4 Bxf3 13. gxf3 Nd4 14. Rf2 Qh4
15. c3 Ne6 16. f4 Bh6 17. Bxe6 fxe6 18. Qd1 Rxf4 19. Rxf4 Bxf4 20. Qe2 Rf8 21.
Na3 Bc7 22. Nc4 b5 23. Na3 a6 24. d4 Rf4 25. dxc5 Rxe4 26. Qc2 Rg4+ 27. Kh1 Rg5
28. Rg1 Rxc5 29. Qe2 Rh5 30. Qxe6+ Kg7 31. Qd7+ Kh6 32. Qxc7 Qe4+ 33. Rg2 Qe1+
34. Rg1 Qe4+ 35. Rg2 Qe1+ 36. Rg1 Qe4+ 37. Rg2 Qe1+ 38. Rg1 {
Game drawn by repetition} 1/2-1/2

[Event "ICS rated blitz match"]
[Site "207.99.5.190"]
[Date "1999.03.06"]
[Round "?"]
[White "nimraz"]
[Black "Hossa"]
[Result "0-1"]
[WhiteElo "2208"]
[BlackElo "2367"]
[PlyCount "60"]

1. e4 e5 2. Nf3 Nc6 3. c3 Nf6 4. d4 exd4 5. e5 Ng4 6. cxd4 d5 7. h3 Bb4+ 8. Nc3
Nh6 9. g4 Bxc3+ 10. bxc3 Ng8 11. Bg2 Nge7 12. O-O O-O 13. Re1 Na5 14. Bg5 Bd7
15. Qb1 Re8 16. Bh4 Bc6 17. Ng5 Ng6 18. f4 f6 19. Nxh7 Nxh4 20. exf6 Rxe1+ 21.
Qxe1 Nxg2 22. Qe6+ Kxh7 23. f7 Nh4 24. g5 Qd7 25. f5 Qxe6 26. fxe6 Nf3+ 27. Kg2
Nxg5 28. Re1 Rf8 29. e7 Rxf7 30. h4 30... Ne4 {nimraz resigns} 0-1

[Event "ICS rated blitz match"]
[Site "207.99.5.190"]
[Date "1999.03.06"]
[Round "?"]
[White "Hossa"]
[Black "nimraz"]
[Result "1-0"]
[WhiteElo "2376"]
[BlackElo "2199"]
[PlyCount "97"]

1. e4 c5 2. Bc4 Nf6 3. d3 Nc6 4. Nf3 g6 5. O-O Bg7 6. Be3 O-O 7. Bxc5 Ng4 8.
Nc3 d6 9. Ba3 Qa5 10. Qe1 Qh5 11. Nd5 Nd4 12. h3 Nxf3+ 13. gxf3 Ne5 14. Nf4
Qxf3 15. Qe3 Bh6 16. Qxf3 Nxf3+ 17. Kg2 Nd2 18. Nd5 Nxf1 19. Nxe7+ Kh8 20. Rxf1
Rd8 21. Bxf7 Rd7 22. Nxc8 Rxf7 23. Nxd6 Rc7 24. c3 Bf8 25. Nb5 Rd7 26. Bxf8
Rxf8 27. d4 a6 28. Na3 b5 29. Nc2 a5 30. f3 b4 31. c4 b3 32. axb3 Rb8 33. b4
axb4 34. d5 b3 35. Nd4 Rb4 36. Rc1 Kg7 37. Rc3 Kf6 38. e5+ Kg5 39. Kg3 Rf7 40.
f4+ Kh5 41. Nxb3 g5 42. fxg5 Rf5 43. e6 Rxg5+ 44. Kf2 Re5 45. Kf3 Kg5 46. Nd4
Rxb2 47. Re3 Kf6 48. Rxe5 Kxe5 49. e7 {nimraz resigns} 1-0

[Event "ICS rated blitz match"]
[Site "207.99.5.190"]
[Date "1999.03.06"]
[Round "?"]
[White "nimraz"]
[Black "Hossa"]
[Result "0-1"]
[WhiteElo "2191"]
[BlackElo "2384"]
[PlyCount "32"]

1. d4 Nf6 2. Nc3 d5 3. Bg5 e6 4. e4 dxe4 5. Nxe4 Nbd7 6. Bd3 Be7 7. Nxf6+ Bxf6
8. h4 Bxg5 9. hxg5 Qxg5 10. Nf3 Qxg2 11. Rg1 Qh3 12. Rxg7 Nf6 13. Qe2 Qh6 14.
Rg5 Rg8 15. Rxg8+ Nxg8 16. Qe5 16... Qh1+ {nimraz resigns} 0-1

[Event "ICS rated blitz match"]
[Site "207.99.5.190"]
[Date "1999.03.06"]
[Round "?"]
[White "Hossa"]
[Black "nimraz"]
[Result "1-0"]
[WhiteElo "2392"]
[BlackElo "2183"]
[PlyCount "33"]

1. e4 g6 2. Be2 Bg7 3. Nc3 c5 4. Nf3 Nc6 5. O-O d6 6. Bb5 Bd7 7. d3 Nf6 8. Bxc6
Bxc6 9. e5 Ng4 10. e6 O-O 11. exf7+ Rxf7 12. Ng5 Rxf2 13. Rxf2 Nxf2 14. Qe2 Bd4
15. Qe6+ Kh8 16. Nf7+ Kg7 17. Bh6+ {nimraz resigns} 1-0

[Event "ICS rated blitz match"]
[Site "207.99.5.190"]
[Date "1999.03.06"]
[Round "?"]
[White "Hossa"]
[Black "ex-patzer"]
[Result "1/2-1/2"]
[WhiteElo "2399"]
[BlackElo "2273"]
[PlyCount "62"]

1. e4 c5 2. Bc4 e6 3. Nc3 a6 4. d3 Nc6 5. Nf3 Nge7 6. O-O b5 7. Bb3 d6 8. Be3
g6 9. e5 Nf5 10. exd6 Nxe3 11. fxe3 Bxd6 12. a4 Rb8 13. Ne4 Be7 14. axb5 axb5
15. Qd2 O-O 16. d4 c4 17. Ba2 Ra8 18. Nc5 Bxc5 19. dxc5 Qxd2 20. Nxd2 Nb4 21.
c3 Nxa2 22. c6 Ra6 23. Ne4 Rd8 24. c7 Rd5 25. Nf6+ Kf8 26. Nxd5 exd5 27. Rad1
Rd6 28. Ra1 Ra6 29. Rad1 Rd6 30. Ra1 Ra6 31. Rad1 31... Rd6 {
Game drawn by repetition} 1/2-1/2

[Event "ICS rated blitz match"]
[Site "207.99.5.190"]
[Date "1999.03.06"]
[Round "?"]
[White "marik"]
[Black "Hossa"]
[Result "1-0"]
[WhiteElo "2168"]
[BlackElo "2393"]
[Annotator "Crafty v16.5"]
[PlyCount "49"]

{annotating for player Hossa using a scoring margin of +0.10 pawns. search
time limit is 20.00} 1. e4 1... c5 2. Nf3 Nc6 3. c3 Nf6 4. e5 Nd5 5. Bc4 Nb6 6.
Bb3 c4 7. Bc2 g6 ({9:-0.44} 7... g6 8. O-O Bg7 9. Qe2 O-O 10. Na3 a6 11. Re1
11... Na5 $14) ({9:+0.18} 7... d6 8. exd6 Qxd6 9. O-O Bg4 10. h3 Bh5 11. b3 Qd5
12. bxc4 12... Nxc4 $10) 8. O-O Bg7 9. Re1 O-O 10. d4 cxd3 11. Qxd3 Kh8 ({
10:-0.50} 11... Kh8 12. Na3 f6 13. exf6 Rxf6 14. Bg5 Rf7 15. Nc4 Nxc4 16. Qxc4
Kg8 17. Rad1 $14) ({10:-0.21} 11... d5 12. exd6 exd6 13. Bg5 f6 14. Bb3+ d5 15.
Be3 Bf5 16. Qb5 Be4 17. Nbd2 $10) 12. Bg5 Qc7 ({10:-0.62} 12... Qc7 13. Na3 a6
14. Rad1 Kg8 15. Nc4 Rb8 16. Bb3 Nxc4 17. Qxc4 17... b6 $14) ({10:-0.44} 12...
f6 13. exf6 exf6 14. Be3 d6 15. Qb5 Re8 16. Nbd2 Bg4 17. Be4 Rc8 18. Bxb6 Qxb6
19. Qxb6 19... axb6 $14) 13. Na3 Re8 14. Nb5 Qb8 15. Bf4 a6 16. Nd6 exd6 17.
exd6 Rf8 18. Ng5 Bf6 19. Qh3 Bxg5 20. Bxg5 Qxd6 21. Rad1 Nd4 22. Rxd4 Qc5 23.
Bf6+ Kg8 24. Qh6 d5 25. Qg7# 1-0

[Event "ICS Rated blitz match"]
[Site "207.99.5.190"]
[Date "1999.03.06"]
[Round "?"]
[White "Hossa"]
[Black "blunite"]
[Result "1-0"]
[WhiteElo "2368"]
[BlackElo "2230"]
[PlyCount "41"]

1. e4 e5 2. Nf3 Nc6 3. Bb5 a6 4. Ba4 Nf6 5. O-O b5 6. Bb3 Be7 7. Bd5 O-O 8. Re1
Rb8 9. Bxc6 dxc6 10. Nxe5 Bd6 11. Nxc6 Bxh2+ 12. Kf1 Qe8 13. Nxb8 Bg4 14. f3
Qe5 15. Nxa6 Qg3 16. fxg4 Re8 17. Qf3 Qe5 18. Nc3 h5 19. gxh5 Nxh5 20. Ne2 Re6
21. d4 {blunite resigns} 1-0

[Event "ICS rated blitz match"]
[Site "207.99.5.190"]
[Date "1999.03.06"]
[Round "?"]
[White "blunite"]
[Black "Hossa"]
[Result "0-1"]
[WhiteElo "2220"]
[BlackElo "2378"]
[PlyCount "110"]

1. e4 e5 2. Nf3 Nc6 3. Bc4 Bc5 4. Nc3 Nf6 5. a3 O-O 6. d3 d6 7. Bg5 Be6 8. Bd5
Bd4 9. O-O Bxc3 10. bxc3 Bxd5 11. exd5 Na5 12. Nd2 h6 13. Bh4 g5 14. Bg3 Nxd5
15. c4 Nf6 16. h4 Nc6 17. hxg5 hxg5 18. c3 Nd7 19. Qh5 Nc5 20. Ne4 Nxe4 21.
dxe4 Qf6 22. f3 b6 23. Kf2 Na5 24. Rh1 Qg7 25. Ke2 Nxc4 26. Bf2 f5 27. Kd3 b5
28. Be3 fxe4+ 29. fxe4 Nxe3 30. Kxe3 c6 31. Raf1 d5 32. Rf5 Rxf5 33. exf5 c5
34. Rf1 Rf8 35. g4 Qf6 36. Rh1 Rf7 37. Qh2 a5 38. Kd2 b4 39. axb4 axb4 40. cxb4
cxb4 41. Kc2 Rb7 42. Kb3 e4 43. Qc2 Rb8 44. Rh5 Qe5 45. Qc6 Qg3+ 46. Kb2 Qa3+
47. Kb1 Qb3+ 48. Ka1 Qc3+ 49. Qxc3 bxc3 50. Rxg5+ Kf7 51. Rh5 e3 52. Rh3 c2 53.
Rh1 Rb1+ 54. Rxb1 cxb1=Q+ 55. Kxb1 55... e2 {blunite resigns} 0-1

[Event "ICS rated blitz match"]
[Site "207.99.5.190"]
[Date "1999.03.06"]
[Round "?"]
[White "newfisher"]
[Black "Hossa"]
[Result "0-1"]
[WhiteElo "2093"]
[BlackElo "2387"]
[PlyCount "72"]

1. e4 c5 2. Nf3 Nc6 3. d4 cxd4 4. Nxd4 Qa5+ 5. Nc3 Nf6 6. Nb3 Qe5 7. f4 Qe6 8.
Qf3 Nb4 9. Bd3 Qb6 10. Be3 Nxd3+ 11. cxd3 Qa6 12. Rd1 d6 13. h3 Be6 14. O-O
Bxb3 15. axb3 Nd7 16. d4 Rc8 17. d5 Nc5 18. b4 Nb3 19. b5 Qa5 20. Qf2 b6 21.
Rd3 Qb4 22. e5 Qc4 23. Rfd1 Rd8 24. Ne2 dxe5 25. fxe5 Qxb5 26. e6 fxe6 27. Nf4
e5 28. Ne6 Rc8 29. Rf1 Qxd3 30. Qf7+ Kd7 31. Bg5 Qxd5 32. Nxf8+ Kc6 33. Qxg7
Rg8 34. Qxe7 h6 35. Rf6+ Kb5 36. Ne6 36... hxg5 {newfisher resigns} 0-1

[Event "ICS rated blitz match"]
[Site "207.99.5.190"]
[Date "1999.03.06"]
[Round "?"]
[White "Hossa"]
[Black "newfisher"]
[Result "1-0"]
[WhiteElo "2392"]
[BlackElo "2093"]
[PlyCount "31"]

1. e4 e6 2. d4 d5 3. Nc3 Bb4 4. exd5 exd5 5. Bd3 Nf6 6. Nge2 O-O 7. O-O Bg4 8.
Rb1 Nbd7 9. Bg5 Bh5 10. Nxd5 Be7 11. Nxe7+ Qxe7 12. Qd2 h6 13. Bf4 Nd5 14. Ng3
Qh4 15. Bxh6 N7f6 16. Nf5 {newfisher resigns} 1-0

[Event "ICS rated blitz match"]
[Site "207.99.5.190"]
[Date "1999.03.06"]
[Round "?"]
[White "marik"]
[Black "Hossa"]
[Result "0-1"]
[WhiteElo "2204"]
[BlackElo "2406"]
[PlyCount "80"]

1. e4 c5 2. Nf3 Nc6 3. c3 Nf6 4. e5 Nd5 5. Bc4 Nb6 6. Bb3 c4 7. Bc2 d6 8. exd6
Qxd6 9. O-O Bg4 10. d4 cxd3 11. Qxd3 Qxd3 12. Bxd3 Bxf3 13. gxf3 O-O-O 14. Bc2
Ne5 15. Kg2 a6 16. Be3 Nbd7 17. Na3 e6 18. b4 Nc6 19. Rfd1 Ne7 20. Nc4 Nd5 21.
Be4 Nxc3 22. Rdc1 Bxb4 23. Rxc3 Bxc3 24. Rc1 f5 25. Bd3 Bb4 26. Ne5+ Kb8 27.
Nf7 Nf6 28. Nxd8 Rxd8 29. Bc4 e5 30. Rb1 a5 31. Be2 Nd5 32. Bc1 Nc3 33. Rb2 Ba3
34. Rc2 Nxe2 35. Bxa3 Nf4+ 36. Kg3 Rd1 37. Be7 Rg1+ 38. Kh4 h6 39. Bd6+ Ka7 40.
Bc5+ 40... Ka6 {marik resigns} 0-1

[Event "ICS rated blitz match"]
[Site "207.99.5.190"]
[Date "1999.03.06"]
[Round "?"]
[White "Hossa"]
[Black "blunite"]
[Result "1-0"]
[WhiteElo "2414"]
[BlackElo "2254"]
[PlyCount "73"]

1. e4 e5 2. Nf3 Nc6 3. Bc4 Bc5 4. c3 Qe7 5. O-O Bb6 6. b4 a6 7. Ba3 d6 8. Bd5
Nf6 9. Bxc6+ bxc6 10. d3 O-O 11. c4 Nh5 12. Qc2 Nf4 13. c5 Ba7 14. d4 Bg4 15.
Nbd2 Rac8 16. dxe5 dxe5 17. Bb2 f6 18. Qc4+ Qf7 19. Qxa6 Rcd8 20. Qxa7 Rd3 21.
Kh1 Qh5 22. Qa6 Rxf3 23. Nxf3 Bxf3 24. Qc4+ Kh8 25. Rg1 Qg4 26. Qf1 Be2 27. f3
Qh5 28. Qf2 Bc4 29. Rgd1 g5 30. Rd7 Be6 31. Rxc7 g4 32. fxg4 Bxg4 33. Rxc6 Be6
34. a3 Bc4 35. Rd6 Be2 36. Re1 Rg8 37. Qxf4 {blunite resigns} 1-0

[Event "ICS rated blitz match"]
[Site "207.99.5.190"]
[Date "1999.03.06"]
[Round "?"]
[White "blunite"]
[Black "Hossa"]
[Result "0-1"]
[WhiteElo "2245"]
[BlackElo "2423"]
[PlyCount "96"]

1. e4 c5 2. Nf3 Nc6 3. d4 cxd4 4. Nxd4 Qa5+ 5. Nc3 Nf6 6. Nb3 Qe5 7. f4 Qe6 8.
Qf3 Nb4 9. Bd3 Qb6 10. Be3 Nxd3+ 11. cxd3 Qa6 12. e5 Ng8 13. Rd1 d6 14. O-O e6
15. d4 Nh6 16. d5 Nf5 17. Bf2 dxe5 18. fxe5 Bb4 19. dxe6 Bxe6 20. Nc5 Bxc5 21.
Bxc5 Rc8 22. Ba3 Rc4 23. Qd3 Qb6+ 24. Kh1 Ne3 25. b3 Nxd1 26. Rxd1 Rc6 27. Ne4
Bg4 28. Nd6+ Rxd6 29. Qxd6 Qxd6 30. Rxd6 h5 31. h3 Be6 32. Rd4 h4 33. Kg1 Rh5
34. Bd6 b5 35. Kf2 a6 36. Ke3 Bc8 37. a4 Be6 38. axb5 axb5 39. b4 Rg5 40. Rxh4
Rxg2 41. Rh8+ Kd7 42. h4 Kc6 43. Kd4 Bf5 44. Kc3 Rc2+ 45. Kb3 Rc4 46. Rg8 g6
47. Rh8 Be6 48. Ka3 48... Rc2 {blunite resigns} 0-1

[Event "ICS rated blitz match"]
[Site "207.99.5.190"]
[Date "1999.03.06"]
[Round "?"]
[White "Hossa"]
[Black "blunite"]
[Result "0-1"]
[WhiteElo "2431"]
[BlackElo "2237"]
[Annotator "Crafty v16.5"]
[PlyCount "65"]

{annotating for player Hossa using a scoring margin of +0.10 pawns. search
time limit is 20.00} 1. e4 1... e5 2. Nf3 Nc6 3. Bb5 a6 4. Ba4 ({9:-0.10} 4.
Ba4 4... Bc5 5. Bxc6 dxc6 6. Nc3 Bg4 7. Na4 Bb4 8. O-O Bxf3 9. Qxf3 Bxd2 10.
Bxd2 10... Qxd2 $10) ({9:+0.14} 4. Bxc6 4... dxc6 5. Nc3 Bg4 6. h3 Bxf3 7. Qxf3
Nh6 8. d3 Qf6 9. Qxf6 9... gxf6 $10) 4... Nf6 5. O-O b5 6. Bb3 Be7 7. Bd5 ({
9:-0.11} 7. Bd5 7... O-O 8. Nc3 b4 9. Na4 Bb7 10. d4 exd4 11. Nxd4 Nxd5 12.
exd5 $10) ({9:+0.07} 7. d4 7... exd4 8. Nxd4 O-O 9. Nf5 Bb4 10. Bg5 h6 11. Bh4
11... Bb7 $10) 7... O-O 8. Re1 Nxd5 9. exd5 Nd4 10. Nxe5 Bd6 11. Ng4 ({9:+0.17
} 11. Ng4 11... Re8 12. Re3 f5 13. c3 fxg4 14. cxd4 Bb7 15. Rxe8+ Qxe8 16. Nc3
$10) ({9:+0.57} 11. c3 11... Nf5 12. Na3 Re8 13. d4 Bxa3 14. bxa3 d6 15. Nc6
Rxe1+ 16. Qxe1 16... Qh4 $14) 11... Bb7 12. c3 ({8:-0.14} 12. c3 12... Nf5 13.
c4 bxc4 14. Nc3 Qh4 15. Re4 15... Ne7 $10) ({8:+0.12} 12. Ne3 12... Qh4 13. g3
Qf6 14. f4 Bc5 15. Nc3 15... Rae8 $10) 12... Nf5 13. Qf3 ({9:-0.63} 13. Qf3
13... Nh4 14. Qd1 f5 15. Ne3 f4 16. Ng4 Bxd5 17. f3 $15) ({9:-0.22} 13. c4
13... bxc4 14. Nc3 c6 15. dxc6 Bxc6 16. d3 Nh4 17. f3 Qb6+ 18. d4 $10) 13...
Nh4 14. Qe2 ({9:-1.87} 14. Qe2 14... f5 15. Ne3 f4 16. Ng4 Nxg2 17. Nh6+ Kh8
18. Rd1 18... Bxd5 $19) ({9:-0.83} 14. Qd1 14... f5 15. Ne3 f4 16. Nc2 f3 17.
g3 Qg5 18. d3 $17) 14... f5 15. Ne5 Bxd5 16. f3 Bxe5 17. Qxe5 Bxf3 18. g3 Ng6
19. Qe3 Bb7 20. Qf2 f4 21. Na3 fxg3 22. Qxg3 d6 23. Nc2 Qd7 24. Nd4 Rae8 25.
Rxe8 Qxe8 26. d3 c5 27. c4 cxd4 28. h3 Rf3 29. a3 Rxg3+ 30. Kf1 Rf3+ 31. Kg1
Qe1+ 32. Kh2 Rf2+ 33. Kg3 0-1

[Event "ICS rated blitz match"]
[Site "207.99.5.190"]
[Date "1999.03.06"]
[Round "?"]
[White "blunite"]
[Black "Hossa"]
[Result "0-1"]
[WhiteElo "2251"]
[BlackElo "2407"]
[PlyCount "78"]

1. e4 c5 2. Nf3 Nc6 3. d4 cxd4 4. Nxd4 Qa5+ 5. Nc3 Nf6 6. Nb3 Qe5 7. f4 Qe6 8.
Qf3 Nb4 9. Bd3 Qb6 10. Be3 Nxd3+ 11. cxd3 Qa6 12. e5 Ng8 13. Rd1 d6 14. O-O e6
15. d4 Nh6 16. d5 Nf5 17. Bf2 dxe5 18. fxe5 Bb4 19. dxe6 Bxe6 20. Nc5 Bxc5 21.
Bxc5 Rc8 22. Ba3 Rc4 23. Ne4 Rc2 24. Qd3 Qxd3 25. Rxd3 Bc4 26. Rxf5 Bxd3 27.
Nd6+ Kd7 28. Rxf7+ Ke6 29. Rxb7 Rf8 30. h3 g5 31. Nb5 Rf1+ 32. Kh2 Bxb5 33.
Rxb5 Rff2 34. Kg3 Rxg2+ 35. Kf3 Rh2 36. Ke4 Rxh3 37. Kd4 Rd2+ 38. Kc4 Re2 39.
Kb4 39... Re4+ {blunite resigns} 0-1

[Event "ICS rated blitz match"]
[Site "207.99.5.190"]
[Date "1999.03.06"]
[Round "?"]
[White "Hossa"]
[Black "claudi"]
[Result "1-0"]
[WhiteElo "2416"]
[BlackElo "2290"]
[PlyCount "46"]

1. e4 c5 2. Bc4 Nc6 3. Nf3 g6 4. O-O Bg7 5. d3 e6 6. Nc3 Nge7 7. Be3 Nd4 8.
Bxd4 cxd4 9. Nb5 O-O 10. e5 Nc6 11. Qe2 Qb6 12. c3 dxc3 13. Nxc3 f6 14. exf6
Bxf6 15. Rac1 d5 16. Bb3 Bd7 17. Na4 Qb4 18. Nc5 Bc8 19. Nxe6 Bxe6 20. Qxe6+
Kh8 21. Rc2 Bg7 22. Bxd5 Rae8 23. Qh3 23... Rxf3 {claudi resigns} 1-0

[Event "ICS rated blitz match"]
[Site "207.99.5.190"]
[Date "1999.03.06"]
[Round "?"]
[White "Hossa"]
[Black "blunite"]
[Result "1/2-1/2"]
[WhiteElo "2426"]
[BlackElo "2237"]
[PlyCount "44"]

1. e4 e5 2. Nf3 Nc6 3. Bc4 Bc5 4. c3 Qe7 5. O-O Bb6 6. b4 a6 7. Ba3 d6 8. Bd5
Bd7 9. d4 Nf6 10. dxe5 Nxe5 11. Bxb7 Rb8 12. Bxa6 O-O 13. Nfd2 Nfg4 14. h3 Qh4
15. Qe1 Nxf2 16. Rxf2 Bxh3 17. gxh3 Qg3+ 18. Kf1 Qxh3+ 19. Ke2 Qg4+ 20. Kf1
Qh3+ 21. Ke2 Qg4+ 22. Kf1 22... Qh3+ {Game drawn by repetition} 1/2-1/2

[Event "ICS rated blitz match"]
[Site "207.99.5.190"]
[Date "1999.03.06"]
[Round "?"]
[White "claudi"]
[Black "Hossa"]
[Result "1-0"]
[WhiteElo "2280"]
[BlackElo "2418"]
[Annotator "Crafty v16.5"]
[PlyCount "58"]

{annotating for player Hossa using a scoring margin of +0.10 pawns. search
time limit is 20.00} 1. d4 1... Nf6 2. Nf3 e6 3. Bf4 Bb4+ 4. c3 Be7 5. Nbd2 Nc6
({10:-0.25} 5... Nc6 6. Qc2 Nd5 7. Bg3 f5 8. e3 O-O 9. O-O-O f4 10. e4 $10) ({
10:-0.07} 5... Nh5 6. Be3 f5 7. g3 Na6 8. Qa4 c5 9. O-O-O cxd4 10. Qxd4 10...
O-O $10) 6. e4 O-O 7. Bd3 d6 8. h3 e5 9. Be3 exd4 10. cxd4 d5 ({9:-0.21} 10...
d5 11. e5 Ne8 12. Qb1 f5 13. Bf4 g5 14. Bg3 14... Be6 $10) ({9:+0.09} 10... Nb4
11. Be2 d5 12. e5 Ne4 13. O-O Bf5 14. Nxe4 dxe4 15. Nd2 $10) 11. e5 Nb4 ({
9:-1.32} 11... Nb4 12. exf6 Nxd3+ 13. Ke2 Bf5 14. fxe7 Qxe7 15. Qb3 c6 16. Ne5
Nxe5 17. dxe5 Qxe5 18. Qxb7 $16) ({9:-0.16} 11... Ne8 12. Qb1 Kh8 13. O-O Be6
14. Bf5 Qd7 15. Bxe6 fxe6 16. Qd3 $10) 12. Bb1 Nd7 13. a3 Nc6 14. h4 Re8 15.
Ng5 Nf8 16. Qh5 g6 17. Qh6 Be6 18. h5 Bxg5 19. Bxg5 Ne7 20. Bf6 Nf5 21. Bxf5
Qxf6 22. exf6 Bxf5+ 23. Kf1 Ne6 24. hxg6 Bxg6 25. Re1 Kh8 26. Rxe6 Rg8 27. Re5
Rab8 28. Reh5 Bd3+ 29. Kg1 Rbd8 1-0

[Event "ICS rated blitz match"]
[Site "207.99.5.190"]
[Date "1999.03.06"]
[Round "?"]
[White "Hossa"]
[Black "claudi"]
[Result "1-0"]
[WhiteElo "2396"]
[BlackElo "2294"]
[PlyCount "91"]

1. e4 g6 2. Be2 Bg7 3. Nc3 c6 4. Nf3 d5 5. exd5 cxd5 6. Bb5+ Nc6 7. O-O Nf6 8.
Ne5 Qc7 9. d4 O-O 10. Bf4 Nxe5 11. dxe5 Ng4 12. Qd4 Bxe5 13. Bxe5 Qxe5 14. Qxe5
Nxe5 15. Nxd5 e6 16. Nf6+ Kg7 17. Ne8+ Kg8 18. Rfe1 Ng4 19. f3 Nh6 20. Red1 a6
21. Bd7 Bxd7 22. Nf6+ Kg7 23. Nxd7 Rfd8 24. Kf2 Nf5 25. g4 Ne7 26. c4 Nc6 27.
Nc5 b6 28. Nd7 b5 29. c5 Ne7 30. Nb6 Rab8 31. b4 Nd5 32. Nxd5 exd5 33. Rd4 Kf6
34. Rad1 Ke6 35. Re1+ Kf6 36. h4 Rbc8 37. g5+ Kg7 38. Re5 a5 39. a3 axb4 40.
axb4 Ra8 41. Rdxd5 Ra2+ 42. Kg3 Rxd5 43. Rxd5 Rc2 44. Rd4 Kf8 45. Rd8+ Ke7 46.
Rb8 {claudi resigns} 1-0